[Event "ch-CHN w 2016"]
[Site "Xinghua CHN"]
[Date "2016.04.24"]
[Round "7.6"]
[White "Xiao, Yiyi"]
[Black "Zhu, Jiner"]
[Result "1-0"]
[WhiteTitle "WFM"]
[WhiteElo "2222"]
[BlackElo "2095"]
[WhiteFideId "8606161"]
[BlackFideId "8608059"]
[EventDate "2016.04.17"]

1. Nf3 Nf6 2. g3 e6 3. Bg2 d5 4. O-O Be7 5. c4 d4 6. d3 c5 7. e3 Nc6 8. exd4
cxd4 9. Re1 O-O 10. Na3 Nd7 11. Nc2 e5 12. b4 Nxb4 13. Nxe5 Nxe5 14. Rxe5 Nc6
15. Rd5 Qb6 16. Bf4 a6 17. Rb1 Qa7 18. Bd6 Bxd6 19. Rxd6 Qc5 20. Rd5 Qa7 21. Qh5
Be6 22. Rg5 g6 23. Qh6 f6 24. Rxg6+ hxg6 25. Qxg6+ Kh8 26. Qh6+ Kg8 27. Re1 Ne7
28. Rxe6 Qc5 29. Rxe7 Qxe7 30. Bd5+ Rf7 31. Nxd4 Qf8 32. Qg6+ Qg7 33. Bxf7+ 1-0

[Event "ch-CHN w 2016"]
[Site "Xinghua CHN"]
[Date "2016.04.25"]
[Round "8.1"]
[White "Zhai, Mo"]
[Black "Zhu, Jiner"]
[Result "0-1"]
[WhiteTitle "WGM"]
[WhiteElo "2371"]
[BlackElo "2095"]
[WhiteFideId "8600201"]
[BlackFideId "8608059"]
[EventDate "2016.04.17"]

1. c4 Nf6 2. Nc3 e6 3. Nf3 d5 4. e3 c5 5. d4 Nc6 6. a3 dxc4 7. Bxc4 cxd4 8. exd4
Be7 9. O-O O-O 10. d5 exd5 11. Nxd5 Nxd5 12. Bxd5 Bf6 13. Qb3 Qb6 14. Qc4 Bf5
15. Be3 Qxb2 16. g4 Bg6 17. g5 Ne5 18. Qf4 Nxf3+ 19. Qxf3 Be5 20. Rac1 Rad8 21.
Bxb7 Bd3 22. Rfe1 Bc3 23. Red1 Be2 24. Rxd8 Bxf3 25. Rxf8+ Kxf8 26. Bxf3 Qxa3
27. Rd1 Bb4 28. Rc1 Bd6 29. Rc8+ Ke7 30. Bc6 f6 31. Re8+ Kf7 32. gxf6 gxf6 33.
Re4 Qd3 34. Be8+ Kg7 35. Rd4 Qb1+ 36. Kg2 Qb7+ 37. Kg1 Bxh2+ 38. Kf1 Qb1+ 39.
Kg2 Qg1+ 40. Kf3 Kf8 41. Ba4 Qh1+ 42. Ke2 Bc7 43. Bd2 a5 44. Rc4 Qh5+ 45. f3
Qh2+ 46. Kd3 Qg3 47. Bc6 Qd6+ 48. Kc2 Qe6 49. Kd3 h5 50. Be4 Qa6 51. Bc6 h4 52.
Kd4 h3 53. Bh6+ Ke7 54. Kd5 h2 0-1

[Event "ch-CHN w 2016"]
[Site "Xinghua CHN"]
[Date "2016.04.25"]
[Round "8.2"]
[White "Lei, Tingjie"]
[Black "Xiao, Yiyi"]
[Result "1-0"]
[WhiteTitle "WGM"]
[BlackTitle "WFM"]
[WhiteElo "2504"]
[BlackElo "2222"]
[WhiteFideId "8605114"]
[BlackFideId "8606161"]
[EventDate "2016.04.17"]

1. d4 Nf6 2. c4 e6 3. Nf3 Bb4+ 4. Nbd2 d5 5. Qa4+ Nc6 6. a3 Be7 7. e3 O-O 8. Bd3
dxc4 9. Nxc4 a6 10. Qc2 h6 11. Bd2 Ra7 12. O-O b5 13. Nce5 Nxe5 14. Nxe5 Bb7 15.
Nc6 Bxc6 16. Qxc6 e5 17. Rfd1 exd4 18. exd4 Qd5 19. Rac1 Rd8 20. Ba5 Qh5 21. g3
Qg4 22. Qc2 Rxd4 23. Bxc7 Ra8 24. Re1 Bd6 25. Ba5 Rd5 26. b4 Rf8 27. Be2 Qh3 28.
Bf3 Rd4 29. Bg2 Qh5 30. Bb6 Rc4 31. Qd3 Rxc1 32. Rxc1 Qe5 33. Bf3 Re8 34. Kg2
Nh7 35. Rc6 Bb8 36. h4 Nf8 37. Bd4 Qe7 38. Bc5 Qe5 39. Qe3 Ne6 40. Qxe5 Bxe5 41.
Rxa6 Nxc5 42. bxc5 Rc8 43. c6 Kf8 44. Be2 Rb8 45. Ra7 Bd4 46. Rd7 Bb6 47. Bxb5
Rc8 48. a4 Rc7 49. Rd8+ Ke7 50. Rg8 Kf6 51. Kf3 h5 52. Ra8 Ke5 53. a5 Bc5 54.
Rd8 Ke6 55. a6 Bb6 56. Rd3 Kf6 57. Rd2 Ke6 58. Ke4 g6 59. f3 f6 60. Rd7 1-0

[Event "ch-CHN w 2016"]
[Site "Xinghua CHN"]
[Date "2016.04.25"]
[Round "8.3"]
[White "Yuan, Ye"]
[Black "Tan, Zhongyi"]
[Result "0-1"]
[BlackTitle "WGM"]
[WhiteElo "2212"]
[BlackElo "2518"]
[WhiteFideId "8608415"]
[BlackFideId "8603642"]
[EventDate "2016.04.17"]

1. d4 e6 2. e4 d5 3. Nc3 Nf6 4. e5 Nfd7 5. f4 c5 6. Nf3 Nc6 7. Be3 cxd4 8. Nxd4
Nxd4 9. Bxd4 Nb8 10. Ne2 Nc6 11. Be3 g5 12. g3 Bd7 13. c3 Be7 14. Qd3 Qa5 15.
Nd4 gxf4 16. gxf4 Bh4+ 17. Kd2 f5 18. exf6 Bxf6 19. Nxc6 bxc6 20. Qa6 Qc7 21.
Bh3 O-O 22. Rhf1 Kh8 23. b4 Bc8 24. Qa5 Qf7 25. Qc5 Ba6 26. Rf2 d4 27. Bxd4 Rad8
28. Ke3 Rd5 29. Qxc6 Bb5 30. Bxe6 Bxd4+ 31. cxd4 Qg6 0-1

[Event "ch-CHN w 2016"]
[Site "Xinghua CHN"]
[Date "2016.04.25"]
[Round "8.4"]
[White "Wang, Jue"]
[Black "Guo, Qi"]
[Result "1/2-1/2"]
[WhiteTitle "WGM"]
[BlackTitle "IM"]
[WhiteElo "2380"]
[BlackElo "2436"]
[WhiteFideId "8604070"]
[BlackFideId "8604002"]
[EventDate "2016.04.17"]

1. e4 e5 2. Nf3 Nf6 3. Nxe5 d6 4. Nf3 Nxe4 5. d4 d5 6. Bd3 Be7 7. O-O Nc6 8. c4
Nb4 9. Be2 O-O 10. a3 Nc6 11. cxd5 Qxd5 12. Nc3 Nxc3 13. bxc3 Bf5 14. Re1 Rfe8
15. Bf4 Rac8 16. h3 h6 17. Qc1 Bf6 18. Qb2 Na5 19. Ne5 Qb3 20. Qd2 Bxe5 21. Bxe5
Nc4 22. Bxc4 Qxc4 23. Qf4 Bg6 24. Qg3 Kh7 25. Qf3 f6 26. Bf4 c6 27. h4 h5 28.
Bd6 Qd3 29. Qxd3 Bxd3 30. f3 Kg6 31. Kf2 Kf7 32. Rxe8 Rxe8 33. Re1 1/2-1/2

[Event "ch-CHN w 2016"]
[Site "Xinghua CHN"]
[Date "2016.04.25"]
[Round "8.5"]
[White "Wang, Doudou"]
[Black "Zhang, Xiaowen"]
[Result "1-0"]
[WhiteTitle "WIM"]
[BlackTitle "WGM"]
[WhiteElo "2234"]
[BlackElo "2374"]
[WhiteFideId "8603197"]
[BlackFideId "8603219"]
[EventDate "2016.04.17"]

1. d4 Nf6 2. c4 e6 3. Nc3 d5 4. cxd5 exd5 5. Bg5 c6 6. e3 Bf5 7. Qf3 Bg6 8. Bxf6
Qxf6 9. Qxf6 gxf6 10. Nf3 Nd7 11. Nh4 Be7 12. f3 f5 13. g3 Bxh4 14. gxh4 Nb6 15.
Kf2 Ke7 16. Ne2 Kf6 17. Nf4 h6 18. Bd3 Rhe8 19. Rhe1 Nc8 20. b4 a6 21. a4 Ne7
22. b5 axb5 23. axb5 Rec8 24. Reb1 Bh7 25. h5 Kg7 26. Ke2 Kf8 27. Kd2 Ke8 28.
Rg1 Kd7 29. Rgb1 Kc7 30. Be2 Ng8 31. Rc1 Nf6 32. bxc6 bxc6 33. Rxa8 Rxa8 34. Bb5
Ra2+ 35. Ke1 Kd6 36. Rxc6+ Ke7 37. Rc7+ Kf8 38. h3 Ra1+ 39. Kf2 Ra2+ 40. Kg3 Ra3
41. Rc8+ Ke7 42. Rc7+ Kf8 43. Bd3 Ra5 44. Rc5 Ra3 45. Kf2 Ke7 46. Rc7+ Kf8 47.
Be2 Ra2 48. Rc5 Rb2 49. Nxd5 Nxh5 50. f4 Bg6 51. Rb5 Ra2 52. Nb4 Rb2 53. Nd5 Ra2
54. Kf3 Kg7 55. Rb7 Kf8 56. h4 Kg7 57. Rc7 Rb2 58. Ra7 Rc2 59. Bd3 Rd2 60. Be2
Rc2 61. Ra6 Rb2 62. Rc6 Ra2 63. Rc5 Rd2 64. Ra5 Rb2 65. Rb5 Rd2 66. Kf2 Ra2 67.
Kf3 Rd2 68. Rb1 Ra2 69. Nb4 Rd2 70. Nd5 Ra2 71. Rc1 Rb2 72. Ra1 Rd2 73. Rd1 Rb2
74. Rd3 Kf8 75. Rc3 Kg7 76. Ra3 Kf8 77. Ra4 Kg7 78. Rb4 Rc2 79. Rb8 Ra2 80. Rc8
Rb2 81. Rc5 Rd2 82. Ne7 Kf6 83. Nxg6 Kxg6 84. e4 Rxd4 85. Rxf5 Ra4 86. Rd5 Nf6
87. Rd6 Ra3+ 88. Bd3 Kg7 89. e5 Ne8 90. Rd7 Kf8 91. Ke4 Ra4+ 92. Kf3 Ng7 93. f5
Nxf5 94. Bxf5 Rxh4 95. Be4 Rh1 96. Bd5 Rf1+ 97. Kg4 Rg1+ 98. Kf5 Rf1+ 99. Ke4 h5
100. Ra7 h4 101. Ra3 Kg7 102. Rf3 Rxf3 103. Kxf3 h3 104. Kg4 h2 105. Kf5 Kg8
106. Kf6 Kf8 107. Bc6 Kg8 108. Be4 Kf8 109. Bd5 Ke8 110. Bxf7+ Kd8 111. Bd5 1-0

[Event "ch-CHN w 2016"]
[Site "Xinghua CHN"]
[Date "2016.04.25"]
[Round "8.6"]
[White "Hong, Xing"]
[Black "Gu, Tianlu"]
[Result "1/2-1/2"]
[BlackTitle "WIM"]
[WhiteElo "1986"]
[BlackElo "2255"]
[WhiteFideId "8606129"]
[BlackFideId "8603995"]
[EventDate "2016.04.17"]

1. e4 e5 2. Nf3 Nc6 3. Nc3 Nf6 4. d4 Bb4 5. Nxe5 Bxc3+ 6. bxc3 Qe7 7. Nxc6 Qxe4+
8. Be2 Qxc6 9. O-O O-O 10. c4 d5 11. cxd5 Nxd5 12. Qd2 b5 13. Ba3 Re8 14. Bf3
Bf5 15. Rae1 Qd7 16. Re5 Rxe5 17. dxe5 Rd8 18. Rd1 Nc3 19. Qxd7 Rxd7 20. Rxd7
Bxd7 21. Kf1 Nxa2 22. Ke2 a5 23. Kd3 Bf5+ 24. Be4 Bxe4+ 25. Kxe4 Nc3+ 26. Kd4
Nb1 27. Bb2 a4 28. Kc5 c6 29. Kxc6 a3 30. Ba1 a2 31. Kc5 Na3 32. c3 Kf8 33. Bb2
Nc2 34. Kxb5 a1=Q 35. Bxa1 Nxa1 36. c4 Ke7 37. c5 Kd7 38. Kb6 Nb3 39. c6+ Kc8
40. f3 Nc1 41. c7 Nd3 42. Kc6 Nxe5+ 43. Kd6 Ng6 44. g3 f6 45. f4 f5 46. h3 Nf8
47. Ke7 Nd7 48. Kf7 Kxc7 49. Kxg7 Kd6 50. Kxh7 Ke6 51. Kg6 Nf6 52. h4 Nd7 53. h5
Nf8+ 54. Kg7 Ke7 55. h6 Nh7 56. Kg6 Ke6 57. Kg7 Ke7 58. Kg6 1/2-1/2

[Event "ch-CHN w 2016"]
[Site "Xinghua CHN"]
[Date "2016.04.26"]
[Round "9.1"]
[White "Gu, Tianlu"]
[Black "Zhai, Mo"]
[Result "1/2-1/2"]
[WhiteTitle "WIM"]
[BlackTitle "WGM"]
[WhiteElo "2255"]
[BlackElo "2371"]
[WhiteFideId "8603995"]
[BlackFideId "8600201"]
[EventDate "2016.04.17"]

1. d4 Nf6 2. Bg5 d5 3. e3 Bf5 4. Bxf6 exf6 5. Bd3 Bxd3 6. Qxd3 c6 7. Ne2 Nd7 8.
Nd2 Be7 9. O-O O-O 10. c4 dxc4 11. Nxc4 Nb6 12. Rfd1 Nxc4 13. Qxc4 Qb6 14. b3
Rfd8 15. Rab1 a5 16. e4 Rd7 17. Rd3 Rad8 18. Rbd1 g6 19. g3 Bb4 20. Nf4 Bf8 21.
d5 Bh6 22. dxc6 Rxd3 23. Rxd3 Bxf4 24. Rxd8+ Qxd8 25. gxf4 Qd1+ 26. Qf1 Qg4+ 27.
Qg2 Qd1+ 28. Qf1 Qg4+ 29. Qg2 Qd1+ 1/2-1/2

[Event "ch-CHN w 2016"]
[Site "Xinghua CHN"]
[Date "2016.04.26"]
[Round "9.2"]
[White "Zhang, Xiaowen"]
[Black "Hong, Xing"]
[Result "1-0"]
[WhiteTitle "WGM"]
[WhiteElo "2374"]
[BlackElo "1986"]
[WhiteFideId "8603219"]
[BlackFideId "8606129"]
[EventDate "2016.04.17"]

1. e4 c5 2. Nf3 Nc6 3. Bb5 g6 4. O-O Bg7 5. c3 e5 6. Re1 Nge7 7. d3 O-O 8. Nbd2
d5 9. exd5 Qxd5 10. Ne4 b6 11. Bg5 Kh8 12. Bf6 Bxf6 13. Nxf6 Qe6 14. Nxh7 Rd8
15. Nhg5 Qf6 16. Qa4 Bb7 17. Qh4+ Kg7 18. Qh7+ Kf8 19. Bc4 Nd5 20. Nxe5 Nxe5 21.
Rxe5 Qg7 22. Qxg7+ 1-0

[Event "ch-CHN w 2016"]
[Site "Xinghua CHN"]
[Date "2016.04.26"]
[Round "9.3"]
[White "Guo, Qi"]
[Black "Wang, Doudou"]
[Result "1-0"]
[WhiteTitle "IM"]
[BlackTitle "WIM"]
[WhiteElo "2436"]
[BlackElo "2234"]
[WhiteFideId "8604002"]
[BlackFideId "8603197"]
[EventDate "2016.04.17"]

1. d4 d5 2. c4 c6 3. Nf3 Nf6 4. e3 e6 5. Bd3 Nbd7 6. O-O Bd6 7. Nc3 O-O 8. e4
dxe4 9. Nxe4 Nxe4 10. Bxe4 f5 11. Bc2 c5 12. Qe2 Nf6 13. dxc5 Bxc5 14. Bf4 Qb6
15. Rab1 a5 16. h3 Bd7 17. Rfe1 Rad8 18. Be3 Rfe8 19. Bxc5 Qxc5 20. Rbd1 Bc8 21.
Qe5 Qxe5 22. Nxe5 g5 23. Ba4 Rf8 24. f3 Kg7 25. Kf2 Rh8 26. a3 h5 27. b4 axb4
28. axb4 h4 29. Bb5 Rhf8 30. Nd3 Nh5 31. Ke3 Kf6 32. c5 Bd7 33. Bc4 Bc6 34. Kd2
Bd5 35. Kc3 Bxc4 36. Kxc4 Rd5 37. Rxe6+ Kxe6 38. Re1+ Kf6 39. Kxd5 Rd8+ 40. Kc4
Ra8 41. b5 Ng7 42. Nb4 Ra4 43. Kb3 Ra5 44. Nd5+ Kg6 45. Kb4 Ra2 46. c6 bxc6 47.
bxc6 Rb2+ 48. Kc3 Rb5 49. Kc4 1-0

[Event "ch-CHN w 2016"]
[Site "Xinghua CHN"]
[Date "2016.04.26"]
[Round "9.4"]
[White "Tan, Zhongyi"]
[Black "Wang, Jue"]
[Result "0-1"]
[WhiteTitle "WGM"]
[BlackTitle "WGM"]
[WhiteElo "2518"]
[BlackElo "2380"]
[WhiteFideId "8603642"]
[BlackFideId "8604070"]
[EventDate "2016.04.17"]

1. Nf3 Nf6 2. c4 g6 3. Nc3 Bg7 4. e4 d6 5. d4 O-O 6. Be2 e5 7. d5 a5 8. Bg5 h6
9. Bh4 g5 10. Bg3 Nh5 11. Nd2 Nf4 12. O-O Na6 13. Bg4 Bxg4 14. Qxg4 h5 15. Qf5
Qf6 16. Qxf6 Bxf6 17. f3 Nb4 18. Rab1 Nc2 19. Rfc1 Nd4 20. Kf1 c6 21. Bxf4 exf4
22. dxc6 bxc6 23. c5 dxc5 24. Na4 Rfd8 25. Nxc5 g4 26. Ncb3 Nxb3 27. Nxb3 a4 28.
Na1 gxf3 29. Rxc6 fxg2+ 30. Kxg2 Rd2+ 31. Kf3 Bd4 32. Rc2 Rd3+ 33. Kxf4 Ra5 34.
e5 Bxe5+ 35. Ke4 Rh3 36. Rg1+ Kh7 37. Rf1 f6 38. Rd2 Kg6 39. Rg2+ Kf7 40. Rf3
Rh4+ 41. Kd3 a3 42. Nb3 axb2 43. Rf1 Rxa2 44. Nd2 Rd4+ 45. Ke3 Ra3+ 46. Ke2
Rxd2+ 47. Kxd2 b1=Q 48. Rxb1 Ra2+ 49. Ke3 Rxg2 50. Ke4 Rxh2 51. Rg1 h4 52. Kf5
h3 53. Rb1 Rf2+ 54. Kg4 h2 55. Kh3 Kg6 56. Rc1 Kf5 57. Rb1 Rf3+ 58. Kh4 Rg3 59.
Rf1+ Bf4 0-1

[Event "ch-CHN w 2016"]
[Site "Xinghua CHN"]
[Date "2016.04.26"]
[Round "9.5"]
[White "Xiao, Yiyi"]
[Black "Yuan, Ye"]
[Result "1-0"]
[WhiteTitle "WFM"]
[WhiteElo "2222"]
[BlackElo "2212"]
[WhiteFideId "8606161"]
[BlackFideId "8608415"]
[EventDate "2016.04.17"]

1. Nf3 c5 2. g3 g6 3. Bg2 Bg7 4. O-O e5 5. c4 Ne7 6. Nc3 O-O 7. d3 d5 8. cxd5
Nxd5 9. Nxd5 Qxd5 10. Be3 Na6 11. Nd2 Qd8 12. Ne4 f5 13. Nxc5 f4 14. Qb3+ Kh8
15. Nxa6 fxe3 16. fxe3 Bh6 17. Rxf8+ Qxf8 18. Nc7 Bxe3+ 19. Kh1 Rb8 20. Qb5 Qe7
21. Nd5 Bd7 22. Qc4 Qc5 23. Qh4 1-0

[Event "ch-CHN w 2016"]
[Site "Xinghua CHN"]
[Date "2016.04.26"]
[Round "9.6"]
[White "Zhu, Jiner"]
[Black "Lei, Tingjie"]
[Result "1-0"]
[BlackTitle "WGM"]
[WhiteElo "2095"]
[BlackElo "2504"]
[WhiteFideId "8608059"]
[BlackFideId "8605114"]
[EventDate "2016.04.17"]

1. e4 e5 2. Nf3 Nc6 3. Bc4 Nf6 4. Ng5 d5 5. exd5 Na5 6. Bb5+ c6 7. dxc6 bxc6 8.
Qf3 Be7 9. Bd3 O-O 10. O-O g6 11. Qd1 Ng4 12. Ne4 f5 13. Be2 Nxh2 14. Kxh2 fxe4
15. d3 Bc5 16. Be3 Bxe3 17. fxe3 Qh4+ 18. Kg1 Bf5 19. Qd2 Qg5 20. Nc3 Rfd8 21.
Rf2 Nb7 22. Qc1 Nd6 23. Qd2 h5 24. Raf1 h4 25. dxe4 Bxe4 26. Bd3 Bf5 27. e4 Qxd2
28. Rxd2 Bg4 29. Be2 Bxe2 30. Rxe2 Kg7 31. b3 Nf7 32. Ref2 Ng5 33. Rf6 Rac8 34.
Na4 Nxe4 35. Rf7+ Kh6 36. Rxa7 Ng3 37. Nb6 Nxf1 38. Kxf1 Rd1+ 39. Ke2 Rcd8 40.
Nc4 Rc1 41. Ne3 Kg5 42. a4 Rd6 43. Re7 Kf6 44. Rh7 Kg5 45. Re7 h3 46. gxh3 Kf6
47. Re8 Rh1 48. Ng4+ Kf5 49. Rxe5+ Kf4 50. Re3 Rdd1 51. Rf3+ Kg5 52. Ne3 Ra1 53.
Rg3+ Kh5 54. Kd3 g5 55. Ke4 Rh2 56. Ke5 Re1 57. Kf6 Rxe3 58. Rxe3 Rxc2 59. Rg3
Rf2+ 60. Ke5 Rc2 61. Kd6 Kh4 62. Rg4+ Kh5 63. Rg3 Kh4 64. Rd3 c5 65. Kd5 Rc1 66.
a5 Ra1 67. Kxc5 Rxa5+ 68. Kc6 Ra6+ 69. Kc5 Ra5+ 70. Kc4 Ra3 71. Re3 Kh5 72. Rg3
Kh4 73. Rd3 Ra8 74. b4 Rc8+ 75. Kb3 Rb8 76. Rf3 Kh5 77. Re3 Kh4 78. Rc3 Kh5 79.
Rc5 Kh4 80. b5 Rf8 81. Kb4 Rf4+ 82. Ka5 Rf3 83. b6 Ra3+ 84. Kb4 Ra6 85. Kb5 Ra8
86. b7 Rb8 87. Kb6 1-0

[Event "ch-CHN w 2016"]
[Site "Xinghua CHN"]
[Date "2016.04.27"]
[Round "10.1"]
[White "Zhai, Mo"]
[Black "Lei, Tingjie"]
[Result "0-1"]
[WhiteTitle "WGM"]
[BlackTitle "WGM"]
[WhiteElo "2371"]
[BlackElo "2504"]
[WhiteFideId "8600201"]
[BlackFideId "8605114"]
[EventDate "2016.04.17"]

1. d4 Nf6 2. c4 g6 3. Nc3 d5 4. Bf4 Bg7 5. Nf3 O-O 6. Rc1 dxc4 7. e4 Bg4 8. Bxc4
Nh5 9. Be3 Bxf3 10. gxf3 e6 11. Qd2 Qh4 12. h3 Qe7 13. Bg5 Bf6 14. h4 Rd8 15.
Qe3 Qb4 16. Bxf6 Nxf6 17. b3 Nh5 18. Kf1 Nd7 19. Be2 c5 20. Rd1 cxd4 21. Rxd4
Qb6 22. Rg1 Qc7 23. Nb5 Qh2 24. Qg5 Ndf6 25. Rxd8+ Rxd8 26. Nc3 h6 27. Qg2 Qe5
28. Nd1 Rd2 0-1

[Event "ch-CHN w 2016"]
[Site "Xinghua CHN"]
[Date "2016.04.27"]
[Round "10.2"]
[White "Yuan, Ye"]
[Black "Zhu, Jiner"]
[Result "1/2-1/2"]
[WhiteElo "2212"]
[BlackElo "2095"]
[WhiteFideId "8608415"]
[BlackFideId "8608059"]
[EventDate "2016.04.17"]

1. d4 Nf6 2. c4 g6 3. Nc3 Bg7 4. e4 d6 5. h3 O-O 6. Nf3 e5 7. d5 Nh5 8. g3 f5 9.
exf5 gxf5 10. Ng5 Qe8 11. Bg2 Nf6 12. Ne6 Bxe6 13. dxe6 e4 14. Nd5 Na6 15. g4
Qxe6 16. gxf5 Qf7 17. Nxf6+ Qxf6 18. Bxe4 Nc5 19. Bc2 Rae8+ 20. Kf1 Kh8 21. Qg4
Rg8 22. Qf4 Qf7 23. Be3 Be5 24. Qh4 Bf6 25. Qf4 Bxb2 26. Bd4+ Bxd4 27. Qxd4+ Qg7
28. Qxg7+ Kxg7 29. Rg1+ Kf6 30. Rxg8 Rxg8 31. Re1 a6 32. a4 b6 33. Re3 Rd8 34.
Ke2 c6 35. Kd2 d5 36. cxd5 cxd5 37. Rg3 d4 38. Rg4 Rd7 39. Rh4 d3 40. Bd1 Ke5
41. Ke3 Re7 42. Kd2 Kxf5 43. f3 Rd7 44. a5 Ne6 45. axb6 Nf4 46. Rh6 Ke5 47. Rc6
Rg7 48. Rc4 Rb7 49. Ke3 Nd5+ 50. Kxd3 Rxb6 51. Re4+ Kf5 52. Re8 Nf4+ 53. Ke3 Ne6
54. Bc2+ Kf6 55. Bxh7 Ng5 56. Bd3 Rd6 57. Ra8 Re6+ 58. Kf2 Nxh3+ 59. Kg3 Ng5 60.
Bxa6 Rc6 61. Kg4 Ne6 62. Bd3 Rc1 63. f4 Rg1+ 64. Kf3 Rh1 65. Ra6 Ke7 66. Ra7+
Kf6 67. Ra6 Ke7 68. Ra7+ Kf6 69. Ra6 Ke7 70. f5 Rh3+ 71. Kg4 Rxd3 72. Rxe6+ Kf7
73. Ra6 Rd1 1/2-1/2

[Event "ch-CHN w 2016"]
[Site "Xinghua CHN"]
[Date "2016.04.27"]
[Round "10.3"]
[White "Wang, Jue"]
[Black "Xiao, Yiyi"]
[Result "0-1"]
[WhiteTitle "WGM"]
[BlackTitle "WFM"]
[WhiteElo "2380"]
[BlackElo "2222"]
[WhiteFideId "8604070"]
[BlackFideId "8606161"]
[EventDate "2016.04.17"]

1. e4 e5 2. Nf3 Nc6 3. Bb5 Nf6 4. d3 d6 5. O-O Be7 6. c3 O-O 7. Re1 a6 8. Ba4 b5
9. Bc2 Re8 10. Nbd2 d5 11. a4 b4 12. a5 bxc3 13. bxc3 Bf8 14. Ba4 Bd7 15. Qc2
dxe4 16. dxe4 Bc5 17. h3 Nh5 18. Nc4 Qf6 19. Qd1 Bd6 20. Ba3 Rad8 21. Bxd6 cxd6
22. Nb6 Nb8 23. Bxd7 Nxd7 24. Nd5 Qg6 25. Nh4 Qg5 26. Qg4 Qxg4 27. hxg4 Nf4 28.
Nc7 Rf8 29. Nxa6 g6 30. g3 Nd3 31. Red1 N3c5 32. Rxd6 Nxe4 33. Rd3 Ndc5 34. Rxd8
Rxd8 35. Nxc5 Nxc5 36. Nf3 e4 37. Nd4 Ra8 38. Kf1 Ra6 39. Ke2 Kg7 40. Ke3 Kf6
41. f4 exf3 42. Kxf3 Kg5 43. Re1 Rxa5 44. Re5+ Kf6 45. Nc6 h6 46. Ke3 Rb5 47.
Kf3 Ra5 48. Ke3 Rb5 49. g5+ hxg5 50. g4 Kg7 51. Rxg5 f6 52. Rd5 Kf7 53. Nd4 Ra5
54. Kf3 Ke7 55. Kg3 Ne4+ 56. Kf4 Rxd5 57. Kxe4 Rc5 58. Ne2 Rc4+ 59. Kf3 Kd6 60.
Kg3 Ke5 61. Kf3 g5 62. Kg3 Ke4 63. Kf2 Rc6 64. Kg2 Ke3 65. Kf1 Rc4 0-1

[Event "ch-CHN w 2016"]
[Site "Xinghua CHN"]
[Date "2016.04.27"]
[Round "10.4"]
[White "Wang, Doudou"]
[Black "Tan, Zhongyi"]
[Result "0-1"]
[WhiteTitle "WIM"]
[BlackTitle "WGM"]
[WhiteElo "2234"]
[BlackElo "2518"]
[WhiteFideId "8603197"]
[BlackFideId "8603642"]
[EventDate "2016.04.17"]

1. d4 Nf6 2. c4 e6 3. Nf3 d5 4. Nc3 Bb4 5. cxd5 exd5 6. Bg5 h6 7. Bxf6 Qxf6 8.
Qb3 Qd6 9. a3 Bxc3+ 10. Qxc3 O-O 11. e3 Bf5 12. Bd3 Bxd3 13. Qxd3 a5 14. b3 Nd7
15. O-O Rfe8 16. h3 c6 17. Rfc1 Nf6 18. Nd2 Re6 19. Qc3 Qd7 20. Rab1 Ne8 21. Nf3
Nd6 22. Qe1 a4 23. Ne5 Qe7 24. Qb4 axb3 25. Rxb3 Qh4 26. a4 Rae8 27. a5 Ne4 28.
Rb2 R6e7 29. Nf3 Qf6 30. a6 bxa6 31. Qb6 Re6 32. Qxa6 c5 33. Qb7 cxd4 34. Nxd4
Re5 35. Rc8 Rxc8 36. Qxc8+ Kh7 37. Rc2 Rg5 38. Qc6 Qd8 39. Qc7 Qe8 40. Qc6 Qb8
41. Qc7 Qb1+ 42. Rc1 Qb2 43. Rc2 Qa1+ 44. Rc1 Qa3 45. Qc2 Rg6 46. Nf3 Qe7 47.
Qb2 Ng5 48. Nxg5+ Qxg5 49. g3 h5 50. Qd4 Qf5 51. Kg2 Rf6 52. Rf1 g5 53. f3 Rc6
54. Rf2 Rc4 55. e4 Qxh3+ 56. Kxh3 Rxd4 57. exd5 Rxd5 58. Ra2 Kg6 59. Rb2 Rd4 60.
Ra2 Rd3 61. Kg2 f6 62. Rb2 Kf5 63. Re2 Rc3 64. Ra2 Ke5 65. Rd2 f5 66. Ra2 Rd3
67. Ra5+ Rd5 68. Ra2 f4 69. gxf4+ Kxf4 70. Ra4+ Kf5 71. Ra2 Rd4 72. Rb2 Kf4 73.
Ra2 Ke3 74. Ra5 Rd2+ 75. Kg3 h4+ 76. Kh3 Kf4 77. Ra4+ Kxf3 78. Ra3+ Ke4 79. Ra4+
Rd4 80. Ra5 Rd3+ 81. Kg4 Rg3+ 82. Kh5 h3 83. Ra2 g4 0-1

[Event "ch-CHN w 2016"]
[Site "Xinghua CHN"]
[Date "2016.04.27"]
[Round "10.5"]
[White "Hong, Xing"]
[Black "Guo, Qi"]
[Result "0-1"]
[BlackTitle "IM"]
[WhiteElo "1986"]
[BlackElo "2436"]
[WhiteFideId "8606129"]
[BlackFideId "8604002"]
[EventDate "2016.04.17"]

1. e4 c6 2. d4 d5 3. Nc3 dxe4 4. Nxe4 Bf5 5. Ng3 Bg6 6. Nf3 e6 7. h4 h6 8. h5
Bh7 9. Bd3 Bxd3 10. Qxd3 Nf6 11. O-O Be7 12. b3 O-O 13. Bb2 c5 14. Rad1 Nbd7 15.
c4 cxd4 16. Nxd4 Qa5 17. Qe2 Rfe8 18. a3 Rac8 19. Rfe1 Bd6 20. b4 Qa6 21. Nb5
Bxg3 22. fxg3 Rc6 23. Nd4 Rxc4 24. Rf1 Rec8 25. g4 R4c7 26. b5 Qb6 27. Kh2 Rc5
28. a4 Qd6+ 29. Kh3 Rd5 30. Qe3 Nh7 31. g3 Ng5+ 32. Kg2 Nf6 33. Qe2 Nfe4 34. Rf4
Nxg3 35. Kxg3 e5 36. Nf5 exf4+ 37. Kf2 Qc5+ 38. Bd4 Rxd4 39. Rxd4 Ne6 40. Qe4
Nxd4 41. Ne7+ Kh8 42. Nxc8 Ne6+ 0-1

[Event "ch-CHN w 2016"]
[Site "Xinghua CHN"]
[Date "2016.04.27"]
[Round "10.6"]
[White "Gu, Tianlu"]
[Black "Zhang, Xiaowen"]
[Result "0-1"]
[WhiteTitle "WIM"]
[BlackTitle "WGM"]
[WhiteElo "2255"]
[BlackElo "2374"]
[WhiteFideId "8603995"]
[BlackFideId "8603219"]
[EventDate "2016.04.17"]

1. d4 Nf6 2. Bg5 e6 3. e4 h6 4. Bxf6 Qxf6 5. c3 d5 6. Bd3 dxe4 7. Bxe4 e5 8. Qe2
Bd6 9. dxe5 Qxe5 10. Nd2 O-O 11. Nc4 Qe7 12. Nxd6 Qxd6 13. Nf3 Nd7 14. Rd1 Qe6
15. Nd4 Qxa2 16. O-O Qa5 17. Nf5 Nf6 18. Ne7+ Kh8 19. Nxc8 Re8 20. f3 Raxc8 21.
Qc4 Qb6+ 22. Kh1 Nxe4 23. fxe4 f6 24. Rd7 Qe6 25. Qxe6 Rxe6 26. Rf4 Rd6 27. Rxd6
cxd6 28. g3 Kg8 29. Kg2 Kf7 30. Kf2 Ke6 31. Ke3 Rc5 32. g4 a5 33. Kd4 b5 34. Rf5
Re5 35. h3 g6 36. Rf1 Rc5 37. b3 a4 38. bxa4 bxa4 39. Ra1 Ra5 40. Ra3 Ra8 41. c4
Ra5 42. Kd3 Ke5 43. Ke3 Ra8 44. Kd3 Rb8 45. Rxa4 Rb3+ 46. Kc2 Rxh3 47. Ra5+ Kxe4
48. Rd5 Rg3 49. Rxd6 Ke5 50. Rd5+ Ke4 51. Rd6 Rxg4 52. Rxf6 Kd4 53. Kb3 Kc5 54.
Kc3 Rg3+ 55. Kd2 Kxc4 56. Ke2 Kd5 57. Kf2 Rg4 58. Kf3 h5 59. Rf8 Ke6 60. Ra8 Rd4
61. Rg8 Kf5 62. Ra8 Rd5 63. Rg8 Rd3+ 64. Kf2 g5 65. Ra8 h4 66. Ra4 g4 67. Ra5+
Ke4 68. Ra4+ Rd4 69. Ra8 Rd2+ 70. Kg1 h3 71. Ra4+ Kf3 72. Ra3+ Kf4 73. Ra4+ Kg3
74. Ra3+ Kh4 75. Ra4 Rg2+ 76. Kh1 Rf2 77. Rb4 Kg3 78. Rb3+ Rf3 79. Rb1 Re3 80.
Ra1 Kf4 81. Ra4+ Re4 82. Ra8 g3 83. Rf8+ Ke3 84. Rh8 Kf3 85. Rf8+ Rf4 86. Rg8
g2+ 87. Kh2 Kf2 88. Rg7 Kf1 89. Rg3 Rf2 0-1

[Event "ch-CHN w 2016"]
[Site "Xinghua CHN"]
[Date "2016.04.28"]
[Round "11.1"]
[White "Zhang, Xiaowen"]
[Black "Zhai, Mo"]
[Result "1/2-1/2"]
[WhiteTitle "WGM"]
[BlackTitle "WGM"]
[WhiteElo "2374"]
[BlackElo "2371"]
[WhiteFideId "8603219"]
[BlackFideId "8600201"]
[EventDate "2016.04.17"]

1. e4 e5 2. Nf3 Nc6 3. Nc3 Nf6 4. Bb5 Bb4 5. O-O O-O 6. d3 d6 7. Ne2 Bc5 8. c3
a6 9. Bxc6 bxc6 10. d4 Bb6 11. Ng3 exd4 12. cxd4 Re8 13. Qc2 Nxe4 14. Nxe4 Bf5
15. Re1 Qe7 16. Nfd2 d5 17. Qxc6 dxe4 18. Nb3 Rad8 19. Be3 Rd6 20. Qc3 Rg6 21.
Bf4 Rg4 22. Qe3 Rg6 23. Rac1 Qd7 24. Nc5 Bxc5 25. Rxc5 Rc6 26. d5 Rxc5 27. Qxc5
Rb8 28. Qxc7 Rxb2 29. Qe5 Rb5 30. Rd1 h6 1/2-1/2